Catalog

Record Details

Catalog Search



Die Klarheit der Schrift , Teil 1. : Martin Luther, die wiederentdeckten Grundlagen /  Bernard Rothen Cover Image Book Book

Die Klarheit der Schrift , Teil 1. : Martin Luther, die wiederentdeckten Grundlagen /  Bernard Rothen

Rothen, Bernhard (Author).

Record details

  • ISBN: 3-525-56111-3
  • Physical Description: 262 S.
  • Publisher: Göttingen :  Vandenhoeck a Ruprecht ,  1990

Available copies

  • 2 of 2 copies available at Common Catalog SPOK.

Holds

  • 0 current holds with 2 total copies.
Show Only Available Copies
Location Call Number / Copy Notes Barcode Shelving Location Status Due Date
ETS Library 230.044 424470013341 Volný výběr Available -
ETS Library 230.044 424470019227 Volný výběr Available -

LDR 00808nam a2 00253
00134490
003CZ-PrJAB
00520040305000000.0
008021209s1990 xr e |||| |ger
009ge
020 . ‡a3-525-56111-3
035 . ‡a(CONS)4901
035 . ‡aKPS11162
040 . ‡aABG450
041 . ‡ager
08214. ‡a220.1
100 . ‡75366 ‡aRothen, Bernhard
245 . ‡aDie Klarheit der Schrift , Teil 1. : ‡bMartin Luther, die wiederentdeckten Grundlagen /  ‡nBernard Rothen
260 . ‡aGöttingen :  ‡bVandenhoeck a Ruprecht ,  ‡c1990
300 . ‡a262 S.
653 . ‡aDie Klarheit der Schrift ‡aMartin Luther, die wiederentdeckten Grundlagen
8524 . ‡bETS ‡bETS ‡cVolný výběr ‡j230.044 ‡p424470013341 ‡y$0.00
8524 . ‡bETS ‡bETS ‡cVolný výběr ‡j230.044 ‡gA ‡p424470010428
910 . ‡aABG450
999 . ‡a4901 ‡bAUTOGEN ‡c4901 ‡tbiblio
905 . ‡uadmin
901 . ‡a34490 ‡b ‡c34490 ‡tbiblio ‡sets

Additional Resources